| 000 | 00673nam a2200241Ia 4500 | ||
|---|---|---|---|
| 008 | 160319s9999 xx 000 0 und d | ||
| 020 | _a971-08-6949-3 | ||
| 050 | _aFIL QA 551 | ||
| 050 | _b.C66A5 2009 | ||
| 100 | _aComandante, Felipe L. Jr. | ||
| 245 | _aAnalytic geometry with solid mensuration : | ||
| 245 | _bmade easy / | ||
| 245 | _cFelipe L. Comandante, Jr. | ||
| 260 | _aMandaluyong: | ||
| 260 | _bNational Book Store, | ||
| 260 | _c2009 | ||
| 300 | _a402 pages : | ||
| 300 | _billustrations ; | ||
| 300 | _c24 cm. | ||
| 650 | _aGeometry, Analytic. | ||
| 650 | _aMensuration -- Problems, exercises, etc. | ||
| 650 | _xMensuration -- Geometry. | ||
| 999 |
_c291853 _d291853 |
||